Teach yourself visually bridge

Tricks. Trumps. Auctions. Contracts. Bridge is a challenging game, but you can quickly grasp its basics with this guide that shows how it's played. Teach Yourself VISUALLY Bridge covers everything from evaluating a hand and bidding it through playing the cards and scoring the results—guiding yo...

Volledige beschrijving

Bewaard in:
Bibliografische gegevens
Hoofdauteur: Galt, David
Formaat: Boek
Taal:Undetermined
Gepubliceerd in: Indianapolis, IN Wiley Pub. 2007
Onderwerpen:
Tags: Voeg label toe
Geen labels, Wees de eerste die dit record labelt!
Thư viện lưu trữ: Trung tâm Học liệu Trường Đại học Cần Thơ
LEADER 01061nam a2200205Ia 4500
001 CTU_164634
008 210402s9999 xx 000 0 und d
020 |c 13.59 
082 |a 795.415 
082 |b G179 
100 |a Galt, David 
245 0 |a Teach yourself visually bridge 
245 0 |c David Galt 
260 |a Indianapolis, IN 
260 |b Wiley Pub. 
260 |c 2007 
520 |a Tricks. Trumps. Auctions. Contracts. Bridge is a challenging game, but you can quickly grasp its basics with this guide that shows how it's played. Teach Yourself VISUALLY Bridge covers everything from evaluating a hand and bidding it through playing the cards and scoring the results—guiding you play by play and trick by trick. With this book and with practice as declarer or defender, you'll quickly be playing your bridge cards right. Maybe you'll even make a slam—doubled, redoubled, and vulnerable. 
650 |a Contract bridge,Trò chơi Cầu nối hợp đồng 
904 |i Qhieu 
980 |a Trung tâm Học liệu Trường Đại học Cần Thơ